Waste not, want not (Record no. 78935)

MARC details
000 -LEADER
fixed length control field 01065cab a22002295a 4500
001 - CONTROL NUMBER
control field L138629
008 - FIXED-LENGTH DATA ELEMENTS--GENERAL INFORMATION
fixed length control field 070627e20070620xxk 000 0 eng d
035 ## - SYSTEM CONTROL NUMBER
System control number (Sirsi) u138629
041 0# - LANGUAGE CODE
Language code of text/sound track or separate title eng
100 1# - MAIN ENTRY--PERSONAL NAME
Personal name Watson, Kathy
245 00 - TITLE STATEMENT
Title Waste not, want not
260 ## - PUBLICATION, DISTRIBUTION, ETC.
Date of publication, distribution, etc. 2007
490 ## - SERIES STATEMENT
Series statement Contract Journal
Volume/sequential designation 439(6630) 20 June 2007, 28-33(4)
520 ## - SUMMARY, ETC.
Summary, etc. Examines recycling processes within the construction industry. Following the Government?s new waste strategy document (L138263) all sections of the construction supply chain are gearing to recycle more materials. More work is also expected from climate change initiatives. Examines a number of viewpoints and case studies, including clients, major housebuilders, small builders, recycling consultants and demolition contractors.
590 ## - LOCAL NOTE (RLIN)
Local note KA
650 24 - SUBJECT ADDED ENTRY--TOPICAL TERM
Topical term or geographic name entry element WASTE STRATEGY FOR ENGLAND AND WALES
651 #4 - SUBJECT ADDED ENTRY--GEOGRAPHIC NAME
Geographic name United Kingdom
Chronological subdivision
690 ## - LOCAL SUBJECT ADDED ENTRY--TOPICAL TERM (OCLC, RLIN)
Topical term or geographic name as entry element ENVIRONMENTAL AND LAND CONSULTANCY-WASTE MANAGEMENT-WASTE RECYCLING
690 ## - LOCAL SUBJECT ADDED ENTRY--TOPICAL TERM (OCLC, RLIN)
Topical term or geographic name as entry element Construction management
9 (RLIN) 6230
700 1# - ADDED ENTRY--PERSONAL NAME
Personal name McCormick, Helen
942 ## - ADDED ENTRY ELEMENTS (KOHA)
Suppress in OPAC 0
Holdings
Withdrawn status Lost status Source of classification or shelving scheme Damaged status Not for loan Home library Current library Shelving location Date acquired Total Checkouts Full call number Barcode Date last seen Copy number Price effective from Koha item type
    Dewey Decimal Classification     London London Journal article 27/06/2007   L138629 138629-1001 06/08/2019 1 06/08/2019 Journal article